[Event "Ct. Catalunya Absolut Final"]
[Site "Barcelona"]
[Date "2013.05.10"]
[Round "7"]
[White "Lopez Martinez, JM."]
[Black "Perez Mitjans, O."]
[Result "0-1"]
[WhiteElo "2535"]
[BlackElo "2483"]
[PlyCount "54"]
[EventDate "2013.??.??"]
[EventType "k.o."]
[EventRounds "8"]

1. e4 e6 2. d4 d5 3. Nd2 Nf6 4. e5 Nfd7 5. f4 c5 6. c3 Nc6 7. Ngf3 cxd4 8. cxd4
Qb6 9. Nb1 f6 10. Bd3 Be7 11. Nc3 O-O 12. Na4 Qa5+ 13. Bd2 Bb4 14. Nc3 fxe5 15.
fxe5 Qb6 16. Bxh7+ Kxh7 17. Ng5+ Kg6 18. Qc2+ Rf5 19. g4 Nxd4 20. gxf5+ exf5
21. Qd3 Nxe5 22. Qg3 f4 23. Bxf4 Nf5 24. Qh3 Qd4 25. Bd2 Nh4 26. Qg3 Bg4 27.
Ne6 Nef3+ 0-1

[Event "Ct. Catalunya Absolut Final"]
[Site "Barcelona"]
[Date "2013.05.11"]
[Round "8"]
[White "Perez Mitjans, O."]
[Black "Lopez Martinez, JM."]
[Result "1/2-1/2"]
[WhiteElo "2483"]
[BlackElo "2535"]
[PlyCount "95"]
[EventDate "2013.??.??"]
[EventType "k.o."]
[EventRounds "8"]

1. e4 c5 2. Nf3 e6 3. d4 cxd4 4. Nxd4 Nf6 5. Nc3 d6 6. Be2 a6 7. O-O Qc7 8. a4
Be7 9. a5 O-O 10. Be3 Nbd7 11. Nb3 b5 12. axb6 Nxb6 13. Qd4 Nfd7 14. Rfd1 Rd8
15. Bf1 h6 16. Na4 Nxa4 17. Qxa4 Nf6 18. Bd3 Bd7 19. Qa5 Qb8 20. Qb6 Qxb6 21.
Bxb6 Rdb8 22. Bd4 e5 23. Bc3 Bb5 24. f3 Kf8 25. Bxb5 Rxb5 26. Ra5 Rb6 27. Rda1
Ke8 28. Nc1 Nd7 29. Nd3 Nb8 30. Nb4 Kd7 31. Nd5 Rb7 32. R5a4 Bd8 33. Kf1 Ke6
34. g4 g6 35. Ke2 Rb5 36. b4 Ra7 37. Bd2 Rd7 38. c4 Rbb7 39. Rb1 f5 40. b5 fxe4
41. fxe4 axb5 42. cxb5 Ra7 43. Rba1 Rxa4 44. Rxa4 Rb7 45. b6 Nc6 46. Be3 h5 47.
gxh5 gxh5 48. Kd3 1/2-1/2

[Event "Ct. Catalunya Veterans"]
[Site "Santa Susanna"]
[Date "2013.05.04"]
[Round "1"]
[White "Anguera Maestro, J."]
[Black "Sanchez Esteban, E."]
[Result "1-0"]
[WhiteElo "2185"]
[BlackElo "1915"]
[PlyCount "73"]
[EventDate "2013.??.??"]
[EventType "swiss"]
[EventRounds "9"]

1. d4 Nf6 2. c4 e6 3. Nf3 d5 4. Nc3 Nbd7 5. Bg5 c6 6. e3 Qa5 7. Bxf6 Nxf6 8.
Nd2 Bb4 9. Qc2 e5 10. dxe5 Ng4 11. cxd5 Nxe5 12. dxc6 O-O 13. Be2 Nxc6 14. O-O
Bd6 15. Nc4 Qc7 16. Nxd6 Qxd6 17. Rad1 Qh6 18. Nd5 Be6 19. e4 Rac8 20. Qd2 Qg6
21. Qe3 Rfe8 22. Nc3 Ne5 23. f4 Qh6 24. Qf2 Ng4 25. Bxg4 Bxg4 26. Rd2 Be6 27.
Rfd1 Bg4 28. Rd6 g6 29. R1d4 b5 30. h3 Be6 31. Kh2 Bc4 32. e5 Re7 33. Ne4 Kg7
34. Nf6 Be6 35. Rd8 g5 36. f5 g4 37. Rxg4+ 1-0

[Event "Ct. Catalunya Veterans"]
[Site "Santa Susanna"]
[Date "2013.05.04"]
[Round "1"]
[White "Buxade Roca, G."]
[Black "Morales Jodar, R."]
[Result "1-0"]
[WhiteElo "2084"]
[BlackElo "1851"]
[PlyCount "79"]
[EventDate "2013.??.??"]
[EventType "swiss"]
[EventRounds "9"]

1. e4 e5 2. Bc4 Nf6 3. d3 Be7 4. Nf3 d6 5. h3 h6 6. Be3 O-O 7. Nc3 c6 8. Bb3 b5
9. Ne2 a5 10. c3 c5 11. Ng3 a4 12. Bc2 Nc6 13. O-O Be6 14. d4 Bc4 15. Re1 cxd4
16. cxd4 Nd7 17. b3 axb3 18. axb3 Rxa1 19. Qxa1 Nb4 20. Bd1 Bd3 21. Qc3 d5 22.
exd5 e4 23. Nd2 Nxd5 24. Qc6 Nb4 25. Qb7 Bg5 26. Ndxe4 Bxe3 27. fxe3 Nb6 28.
Nf2 Re8 29. Nxd3 Nxd3 30. Rf1 Re7 31. Qf3 Qd5 32. Nf5 Rc7 33. Qg3 g6 34. Qxc7
Qe6 35. Nxh6+ Kg7 36. Rxf7+ Kxh6 37. Rh7+ Kg5 38. Qg3+ Kf6 39. Qh4+ g5 40. Qh6+
1-0

[Event "Ct. Catalunya Veterans"]
[Site "Santa Susanna"]
[Date "2013.05.04"]
[Round "1"]
[White "Capelles Prat, R."]
[Black "Coll Enriquez, L."]
[Result "0-1"]
[WhiteElo "1913"]
[BlackElo "2170"]
[PlyCount "116"]
[EventDate "2013.??.??"]
[EventType "swiss"]
[EventRounds "9"]

1. d4 Nf6 2. c4 e6 3. Nf3 b6 4. g3 Bb7 5. Bg2 Bb4+ 6. Bd2 a5 7. O-O O-O 8. a3
Bxd2 9. Nbxd2 d6 10. Re1 Qe7 11. e4 e5 12. d5 a4 13. b4 axb3 14. Nxb3 Qd7 15.
Qc2 Ra4 16. Reb1 Na6 17. Bf1 Ra8 18. Nfd2 Bc8 19. f3 g6 20. Bg2 Qe8 21. Qc3 Nd7
22. Rf1 Nab8 23. Nc1 Nc5 24. Nd3 Nxd3 25. Qxd3 Nd7 26. Qc3 Nc5 27. Ra2 Ba6 28.
f4 b5 29. fxe5 Qxe5 30. Qxe5 dxe5 31. cxb5 Bxb5 32. Rc1 Na6 33. Rc3 Kf8 34. Rb2
Bd7 35. Rb7 Bc8 36. Rb2 Ra5 37. Bf1 Rc5 38. Rbc2 Rxc3 39. Rxc3 Ra7 40. d6 Ke8
41. Bxa6 Bxa6 42. dxc7 Kd7 43. c8=Q+ Bxc8 44. Nc4 Ke6 45. Nb6 Bd7 46. Kf2 f5
47. exf5+ gxf5 48. Ke3 Be8 49. Rc8 Rxa3+ 50. Kf2 Ra2+ 51. Ke3 Bb5 52. h4 Re2+
53. Kf3 e4+ 54. Kf4 Rf2+ 55. Kg5 Rf3 56. Rc5 Rxg3+ 57. Kf4 Rf3+ 58. Kg5 Be8 0-1

[Event "Ct. Catalunya Veterans"]
[Site "Santa Susanna"]
[Date "2013.05.04"]
[Round "1"]
[White "Cornudella Felip, J."]
[Black "Tejero Royo, F."]
[Result "0-1"]
[WhiteElo "1870"]
[BlackElo "2088"]
[PlyCount "44"]
[EventDate "2013.??.??"]
[EventType "swiss"]
[EventRounds "9"]

1. Nf3 d5 2. c4 e6 3. g3 Nf6 4. Bg2 Be7 5. O-O O-O 6. cxd5 exd5 7. d4 b6 8. Nc3
Bb7 9. Ne5 Nbd7 10. f4 c5 11. e3 Ne4 12. Bh3 Ndf6 13. g4 cxd4 14. exd4 Nxc3 15.
bxc3 Ne4 16. Bb2 f6 17. Nd3 g6 18. Bg2 Bd6 19. Qc1 Qc7 20. Bxe4 dxe4 21. Nb4 a5
22. Nc2 g5 0-1

[Event "Ct. Catalunya Veterans"]
[Site "Santa Susanna"]
[Date "2013.05.04"]
[Round "1"]
[White "Franquet Escriva, J."]
[Black "Matamoros Cepeda, A."]
[Result "1-0"]
[WhiteElo "2094"]
[BlackElo "1895"]
[PlyCount "68"]
[EventDate "2013.??.??"]
[EventType "swiss"]
[EventRounds "9"]

1. e4 c5 2. Nf3 e6 3. d4 cxd4 4. Nxd4 a6 5. Nc3 Be7 6. Bd3 Nc6 7. Nb3 Nf6 8.
O-O b5 9. Be3 Bb7 10. f4 d6 11. Qf3 Rb8 12. Rad1 Qc7 13. Qg3 O-O 14. Qh3 Nb4
15. e5 dxe5 16. fxe5 Qxe5 17. Bf4 Qh5 18. Qxh5 Nxh5 19. Bxb8 Rxb8 20. a3 Nxd3
21. Rxd3 g6 22. Rd7 Kf8 23. Ne2 Nf6 24. Rd2 Nd5 25. Ned4 e5 26. Nf3 e4 27. Ne5
Nf6 28. Rxf6 Bxf6 29. Nd7+ Kg7 30. Nxb8 Bxb2 31. Nc5 e3 32. Rd3 e2 33. Kf2 Bxa3
34. Kxe2 Bb2 1-0

[Event "Ct. Catalunya Veterans"]
[Site "Santa Susanna"]
[Date "2013.05.04"]
[Round "1"]
[White "Grau Brumos, I."]
[Black "Santolaria Peña, M."]
[Result "1-0"]
[WhiteElo "2123"]
[BlackElo "1903"]
[PlyCount "57"]
[EventDate "2013.??.??"]
[EventType "swiss"]
[EventRounds "9"]

1. e4 c5 2. Nf3 Nc6 3. d4 cxd4 4. Nxd4 a6 5. c4 Nf6 6. Nc3 e5 7. Nc2 Bc5 8. Be2
h6 9. O-O O-O 10. Be3 Bxe3 11. Nxe3 Nd4 12. b4 d6 13. Nc2 Nxe2+ 14. Qxe2 Bg4
15. f3 Be6 16. Nd5 Nxd5 17. exd5 Bf5 18. Ne3 Qb6 19. c5 Qxb4 20. Nxf5 Qxc5+ 21.
Kh1 Rfe8 22. Qd2 Qc7 23. g4 Qd7 24. Rab1 b5 25. Rbc1 Rec8 26. Qb4 Rxc1 27. Rxc1
Rc8 28. Rxc8+ Qxc8 29. Ne7+ 1-0

[Event "Ct. Catalunya Veterans"]
[Site "Santa Susanna"]
[Date "2013.05.04"]
[Round "1"]
[White "Lazaro Porta, A."]
[Black "Bonell Mitjans, A."]
[Result "0-1"]
[WhiteElo "1896"]
[BlackElo "2096"]
[PlyCount "108"]
[EventDate "2013.??.??"]
[EventType "swiss"]
[EventRounds "9"]

1. c4 e6 2. g3 d5 3. Bg2 c6 4. Nf3 f5 5. O-O Nf6 6. b3 Be7 7. Bb2 O-O 8. d3 h6
9. Nbd2 Bd7 10. e3 Be8 11. Nd4 Bf7 12. cxd5 cxd5 13. Rc1 Qd7 14. Qc2 Na6 15.
Qb1 Rac8 16. N2f3 Bd6 17. Ne2 Qe7 18. Ne5 Nb4 19. Nf4 Bxe5 20. Bxe5 Nc6 21. Bb2
e5 22. Ne2 e4 23. d4 Nb4 24. Nf4 g5 25. a3 gxf4 26. axb4 Qxb4 27. gxf4 Qxb3 28.
Qa1 a6 29. Ba3 Rfe8 30. Rb1 Qd3 31. Rfd1 Qe2 32. Rb2 Rc2 33. Rxc2 Qxc2 34. Rc1
Qe2 35. Re1 Qg4 36. h3 Qg7 37. Bd6 Kh7 38. Kh2 Bh5 39. Rg1 Qf7 40. Be5 Rg8 41.
Qb1 Nd7 42. Bd6 b5 43. Qa2 Rg6 44. Bb4 Qg8 45. Qb1 Nb6 46. Bh1 Rxg1 47. Qxg1
Qxg1+ 48. Kxg1 Nc4 49. Bg2 Be2 50. h4 Kg6 51. Bh3 h5 52. Bc5 a5 53. f3 exf3 54.
Kf2 b4 0-1

[Event "Ct. Catalunya Veterans"]
[Site "Santa Susanna"]
[Date "2013.05.04"]
[Round "1"]
[White "Michavila Lahoz, R."]
[Black "Fernandez Perez, J."]
[Result "0-1"]
[WhiteElo "1848"]
[BlackElo "2072"]
[PlyCount "98"]
[EventDate "2013.??.??"]
[EventType "swiss"]
[EventRounds "9"]

1. Nf3 d5 2. c4 c6 3. e3 g6 4. Nc3 Nf6 5. d4 Bg7 6. Be2 O-O 7. O-O Nbd7 8. b3
Re8 9. Bb2 Nf8 10. cxd5 Nxd5 11. Nxd5 Qxd5 12. Bc4 Qa5 13. Qd2 Qxd2 14. Nxd2 c5
15. Nf3 h6 16. h3 Bf5 17. Rfd1 Be4 18. Be2 e6 19. Rd2 Rac8 20. Rc1 cxd4 21.
Rxc8 Rxc8 22. Bxd4 a6 23. Bxg7 Kxg7 24. Ne5 Rc1+ 25. Kh2 Kf6 26. Nd3 Rc7 27.
Ne1 Ke7 28. f3 Rc1 29. Nd3 Bxd3 30. Bxd3 Nd7 31. Rc2 Rxc2 32. Bxc2 Kd6 33. b4
Nb6 34. e4 Ke5 35. Bb3 Kd4 36. Kg3 Nc4 37. Kf2 Kc3 38. b5 axb5 39. Ke2 e5 40.
g3 f6 41. f4 Kd4 42. Bc2 Na3 43. Bd3 Kc3 44. f5 g5 45. g4 b4 46. Ke3 b5 47. Be2
Kb2 48. Kd2 Kxa2 49. Kc1 b3 0-1

[Event "Ct. Catalunya Veterans"]
[Site "Santa Susanna"]
[Date "2013.05.04"]
[Round "1"]
[White "Simon Padros, E."]
[Black "Colom Andres, FX."]
[Result "1-0"]
[WhiteElo "2221"]
[BlackElo "1922"]
[PlyCount "36"]
[EventDate "2013.??.??"]
[EventType "swiss"]
[EventRounds "9"]

1. e4 c6 2. d4 d5 3. e5 Bf5 4. h4 h5 5. c4 e6 6. Nc3 Nd7 7. Bg5 Be7 8. Qd2 dxc4
9. Bxc4 Nb6 10. Bb3 Nd5 11. Nge2 Bxg5 12. hxg5 Nge7 13. Ng3 Nxc3 14. Nxf5 Nb5
15. Rxh5 Rxh5 16. Nxg7+ Kf8 17. Nxh5 Qd5 18. O-O-O Qd7 1-0

[Event "Ct. Catalunya Veterans"]
[Site "Santa Susanna"]
[Date "2013.05.04"]
[Round "1"]
[White "Xalabarder Coca, E."]
[Black "Bautista Sanchez, J."]
[Result "0-1"]
[WhiteElo "1917"]
[BlackElo "2188"]
[PlyCount "70"]
[EventDate "2013.??.??"]
[EventType "swiss"]
[EventRounds "9"]

1. c4 Nf6 2. Nc3 c5 3. g3 Nc6 4. Bg2 g6 5. Nf3 Bg7 6. O-O O-O 7. d3 d6 8. Bd2
h6 9. a3 Be6 10. Rb1 a5 11. h3 Kh7 12. Kh2 d5 13. cxd5 Nxd5 14. Qc2 b6 15. Nxd5
Bxd5 16. Bc3 e5 17. e3 Rc8 18. Rbd1 Nd4 19. Bxd4 cxd4 20. Qd2 dxe3 21. fxe3 Bb3
22. Rc1 Qd6 23. Rxc8 Rxc8 24. Ne1 h5 25. Qf2 Kg8 26. Bf3 h4 27. e4 hxg3+ 28.
Qxg3 Bh6 29. Qg2 Kg7 30. Bg4 Rc1 31. Nf3 Rc2 32. Rf2 Bf4+ 33. Kh1 Qxd3 34. Rxc2
Qxc2 35. Ne1 Qc1 0-1

[Event "Ct. Catalunya Veterans"]
[Site "Santa Susanna"]
[Date "2013.05.05"]
[Round "2"]
[White "Bautista Sanchez, J."]
[Black "Marchador Villalba, J."]
[Result "0-1"]
[WhiteElo "2188"]
[BlackElo "2065"]
[PlyCount "104"]
[EventDate "2013.??.??"]
[EventType "swiss"]
[EventRounds "9"]

1. Nf3 b5 2. d4 Bb7 3. Bf4 e6 4. Nbd2 Nf6 5. e3 a6 6. c4 bxc4 7. Bxc4 Bb4 8.
O-O O-O 9. Qb3 Nc6 10. a3 Bxd2 11. Nxd2 Na5 12. Qc3 Nxc4 13. Qxc4 Nd5 14. Bg3
f5 15. Rfc1 Bc6 16. Nf3 f4 17. exf4 Nb6 18. Qc3 Bxf3 19. Qxf3 Nd5 20. Qe4 Rf5
21. Rc5 c6 22. b4 Qb6 23. Qe1 Raf8 24. Rd1 h6 25. f3 Nxf4 26. Bxf4 Rxf4 27. Qe5
R8f7 28. Qd6 Qb7 29. Re1 Qc8 30. Re4 Rxe4 31. fxe4 Qd8 32. Rxc6 Qh4 33. Rc8+
Kh7 34. Qg3 Qxe4 35. Rc1 Qxd4+ 36. Kh1 Qc4 37. Qe1 Qd3 38. Ra1 g6 39. h3 Qf5
40. Qe2 Qb5 41. Qxb5 axb5 42. a4 bxa4 43. Rxa4 d5 44. Ra6 Re7 45. Rd6 Kg7 46.
b5 Kf6 47. b6 Rb7 48. Rc6 h5 49. Kg1 Ke7 50. h4 Kd7 51. Rc3 Rxb6 52. Rg3 e5 0-1

[Event "Ct. Catalunya Veterans"]
[Site "Santa Susanna"]
[Date "2013.05.05"]
[Round "2"]
[White "Bonell Mitjans, A."]
[Black "Navarro Alvarez, A."]
[Result "1-0"]
[WhiteElo "2096"]
[BlackElo "1973"]
[PlyCount "99"]
[EventDate "2013.??.??"]
[EventType "swiss"]
[EventRounds "9"]

1. e4 g6 2. d4 Bg7 3. Nf3 d6 4. Bc4 c6 5. O-O b5 6. Bd3 Nf6 7. h3 O-O 8. Be3
Bb7 9. Nbd2 Nbd7 10. Qe2 e5 11. dxe5 Nxe5 12. Nxe5 dxe5 13. Nb3 Nd7 14. Nc5
Nxc5 15. Bxc5 Re8 16. c4 a6 17. a4 bxa4 18. Rxa4 Qc7 19. Qe3 Bc8 20. Bb6 Qe7
21. c5 h6 22. b4 Qe6 23. Bc2 Kh7 24. Bb3 Qe7 25. Rd1 f5 26. exf5 gxf5 27. Ra2
Bf8 28. Rad2 e4 29. Bd8 Qe5 30. Bf7 f4 31. Qe2 f3 32. Qe3 Rxd8 33. Rxd8 Be7 34.
Qd4 Qxd4 35. R8xd4 Bf5 36. g4 Kg7 37. gxf5 Kxf7 38. Rxe4 Rg8+ 39. Rg4 Rb8 40.
Rd7 Kf6 41. Kh2 a5 42. Re4 Bf8 43. bxa5 Bxc5 44. Kg3 Rb2 45. Kf4 Re2 46. Re6+
Rxe6 47. fxe6 Kxe6 48. Rh7 Bxf2 49. Kxf3 Bc5 50. a6 1-0

[Event "Ct. Catalunya Veterans"]
[Site "Santa Susanna"]
[Date "2013.05.05"]
[Round "2"]
[White "Boqueras Rimbau, P."]
[Black "Lluverol Torrents, S."]
[Result "0-1"]
[WhiteElo "1802"]
[BlackElo "2070"]
[PlyCount "74"]
[EventDate "2013.??.??"]
[EventType "swiss"]
[EventRounds "9"]

1. d4 d5 2. Nf3 Nf6 3. e3 c6 4. c4 e6 5. Nc3 Nbd7 6. Bd3 dxc4 7. Bxc4 b5 8. Bd3
Bb7 9. Ne2 a6 10. Ng3 c5 11. O-O Be7 12. b3 h5 13. Re1 h4 14. Nf1 h3 15. g3 Ne4
16. Bxe4 Bxe4 17. N1d2 Bb7 18. e4 cxd4 19. Nxd4 Ne5 20. N2f3 Nxf3+ 21. Nxf3
Qxd1 22. Rxd1 Bxe4 23. Ng5 Bd5 24. f3 O-O 25. Be3 Bxg5 26. Bxg5 Bxf3 27. Rd4 f6
28. Be3 Rfc8 29. Kf2 Bd5 30. Re1 Rc2+ 31. Re2 Rac8 32. g4 Rxe2+ 33. Kxe2 Rc2+
34. Bd2 Rxa2 35. Ke3 Bxb3 36. Kf3 Bd5+ 37. Ke3 a5 0-1

[Event "Ct. Catalunya Veterans"]
[Site "Santa Susanna"]
[Date "2013.05.05"]
[Round "2"]
[White "Coll Enriquez, L."]
[Black "Bollero Romera, A."]
[Result "1-0"]
[WhiteElo "2170"]
[BlackElo "2014"]
[PlyCount "101"]
[EventDate "2013.??.??"]
[EventType "swiss"]
[EventRounds "9"]

1. e4 e5 2. Nf3 Nc6 3. Bb5 a6 4. Ba4 Nf6 5. O-O Be7 6. Qe2 b5 7. Bb3 d6 8. h3
O-O 9. c3 Na5 10. Bc2 Be6 11. Rd1 c5 12. d3 Qc7 13. Be3 Nc6 14. Ng5 Bd7 15. f4
exf4 16. Bxf4 Nd8 17. Nd2 h6 18. Ngf3 Ne6 19. Bh2 Nh7 20. Rac1 Nhg5 21. d4
Nxf3+ 22. Nxf3 Ng5 23. Ne1 Rae8 24. h4 Nh7 25. e5 f5 26. Nf3 Bc8 27. e6 Bb7 28.
d5 Nf6 29. c4 Ng4 30. Bf4 Nf6 31. b3 b4 32. Nh2 Ne4 33. Bxe4 fxe4 34. Qg4 Rf6
35. Rf1 Ref8 36. Qg3 Kh8 37. Rce1 a5 38. Rxe4 a4 39. Re2 Qd8 40. Qg4 Rf5 41. g3
axb3 42. axb3 Qa8 43. Ref2 R5f6 44. Qd1 Qe8 45. Ng4 Rg6 46. h5 Rxe6 47. dxe6
Qxh5 48. Nh2 Qg6 49. Qg4 Qe4 50. Qf3 Rxf4 51. gxf4 1-0

[Event "Ct. Catalunya Veterans"]
[Site "Santa Susanna"]
[Date "2013.05.05"]
[Round "2"]
[White "Fernandez Perez, J."]
[Black "Simon Padros, E."]
[Result "1/2-1/2"]
[WhiteElo "2072"]
[BlackElo "2221"]
[PlyCount "72"]
[EventDate "2013.??.??"]
[EventType "swiss"]
[EventRounds "9"]

1. e4 e6 2. d4 d5 3. exd5 exd5 4. Bd3 Nc6 5. c3 Bd6 6. Nf3 Bg4 7. O-O Nge7 8.
Re1 Qd7 9. Nbd2 O-O-O 10. Nf1 f6 11. h3 Bf5 12. Ng3 Bxd3 13. Qxd3 g5 14. Nh5
Rdf8 15. Nh2 Qe8 16. g4 Qg6 17. Qe2 Nd8 18. f4 Re8 19. Qf2 gxf4 20. Bxf4 Bxf4
21. Nxf4 Qf7 22. Nh5 f5 23. Rf1 Ne6 24. Qh4 Qg6 25. Kh1 Rhf8 26. Rae1 fxg4 27.
Rxf8 Nxf8 28. Rxe7 Qb1+ 29. Kg2 Qxb2+ 30. Kg1 Rd8 31. Qxg4+ Kb8 32. Qg3 Rc8 33.
Nf4 Qxa2 34. Qe3 Qb1+ 35. Nf1 Ng6 36. Nxd5 Nxe7 1/2-1/2

[Event "Ct. Catalunya Veterans"]
[Site "Santa Susanna"]
[Date "2013.05.05"]
[Round "2"]
[White "Gonzalez Moreno, A."]
[Black "Buxade Roca, G."]
[Result "1/2-1/2"]
[WhiteElo "1754"]
[BlackElo "2084"]
[PlyCount "38"]
[EventDate "2013.??.??"]
[EventType "swiss"]
[EventRounds "9"]

1. c4 e5 2. Nc3 Nc6 3. Nf3 g6 4. e3 Bg7 5. Be2 Nge7 6. d3 O-O 7. a3 d6 8. O-O
f5 9. Qc2 Kh8 10. b4 Be6 11. Bb2 Qd7 12. Rad1 Rae8 13. d4 exd4 14. exd4 Bg8 15.
d5 Nd8 16. Nb5 Nc8 17. Rfe1 a6 18. Nbd4 h6 19. h4 Bh7 1/2-1/2

[Event "Ct. Catalunya Veterans"]
[Site "Santa Susanna"]
[Date "2013.05.05"]
[Round "2"]
[White "Mas Recorda, P."]
[Black "Anguera Maestro, J."]
[Result "0-1"]
[WhiteElo "2046"]
[BlackElo "2185"]
[PlyCount "70"]
[EventDate "2013.??.??"]
[EventType "swiss"]
[EventRounds "9"]

1. d4 d5 2. c4 c6 3. cxd5 cxd5 4. Nc3 Nc6 5. Nf3 Nf6 6. Qb3 e6 7. Bg5 Be7 8. e3
O-O 9. Rc1 Ne4 10. Bxe7 Qxe7 11. Bd3 f5 12. O-O g5 13. Qd1 Qg7 14. Ne1 Bd7 15.
Ne2 Nd6 16. f4 g4 17. b3 Rf6 18. Rf2 Ne4 19. Bxe4 dxe4 20. Ng3 Qf7 21. Rd2 Ne7
22. a4 Nd5 23. Nf1 Bc6 24. g3 a5 25. Rc5 Qd7 26. Rdc2 Nb4 27. R2c3 Rff8 28. Nd2
Nd5 29. Qc1 Nxc3 30. Qxc3 Bd5 31. Nc2 Rfc8 32. Na3 b6 33. Rxc8+ Rxc8 34. Ndc4
Bxc4 35. Nxc4 b5 0-1

[Event "Ct. Catalunya Veterans"]
[Site "Santa Susanna"]
[Date "2013.05.05"]
[Round "2"]
[White "Sanz Bastos, F."]
[Black "Franquet Escriva, J."]
[Result "1/2-1/2"]
[WhiteElo "1965"]
[BlackElo "2094"]
[PlyCount "38"]
[EventDate "2013.??.??"]
[EventType "swiss"]
[EventRounds "9"]

1. e4 c5 2. Nc3 e6 3. g3 Nc6 4. Bg2 Nf6 5. d3 Be7 6. f4 d6 7. Nf3 d5 8. e5 Nd7
9. O-O O-O 10. Re1 Nb6 11. a4 d4 12. Ne4 Nd5 13. c4 dxc3 14. bxc3 b6 15. Qc2
Ba6 16. Nfd2 Na5 17. Ba3 Rc8 18. Rad1 Qc7 19. Qb1 Rfd8 1/2-1/2

[Event "Ct. Catalunya Veterans"]
[Site "Santa Susanna"]
[Date "2013.05.05"]
[Round "2"]
[White "Tarrus Galter, N."]
[Black "Grau Brumos, I."]
[Result "0-1"]
[WhiteElo "1975"]
[BlackElo "2123"]
[PlyCount "92"]
[EventDate "2013.??.??"]
[EventType "swiss"]
[EventRounds "9"]

1. c4 e5 2. Nc3 Nc6 3. g3 g6 4. Bg2 Bg7 5. e4 Nge7 6. Nge2 d6 7. d3 Bg4 8. f3
Be6 9. O-O Qd7 10. Nd5 h5 11. h4 Nd8 12. Bg5 Ng8 13. Rc1 c6 14. Ndc3 Bh3 15.
Bxd8 Rxd8 16. Qb3 Be6 17. Qa3 b6 18. Rcd1 Ne7 19. b3 Qc7 20. Qc1 d5 21. cxd5
cxd5 22. Nb5 Qxc1 23. Rxc1 O-O 24. Rc7 Rd7 25. Rfc1 a6 26. Na7 Rfd8 27. f4 Bg4
28. Kf2 exf4 29. gxf4 Bf6 30. Rxd7 Bxh4+ 31. Ke3 Rxd7 32. Nc6 dxe4 33. dxe4
Nxc6 34. Rxc6 Be7 35. Nd4 Bc5 36. Rxc5 bxc5 37. Nc6 f6 38. e5 Kf7 39. Bf1 Be6
40. Bxa6 Bd5 41. Bb5 Rc7 42. Na5 h4 43. Bc4 Rd7 44. Nb7 Bxc4 45. Nd6+ Rxd6 46.
exd6 Bd5 0-1

[Event "Ct. Catalunya Veterans"]
[Site "Santa Susanna"]
[Date "2013.05.05"]
[Round "2"]
[White "Tejero Royo, F."]
[Black "Nicolau Serrato, M."]
[Result "1-0"]
[WhiteElo "2088"]
[BlackElo "1941"]
[PlyCount "71"]
[EventDate "2013.??.??"]
[EventType "swiss"]
[EventRounds "9"]

1. d4 d5 2. Nf3 Nf6 3. g3 e6 4. Bg2 c5 5. O-O Nc6 6. b3 cxd4 7. Nxd4 Be7 8. Bb2
O-O 9. Nd2 Nxd4 10. Bxd4 Bd7 11. e4 Bc6 12. e5 Nd7 13. c4 dxc4 14. Bxc6 bxc6
15. Nxc4 Nb6 16. Rc1 Nd5 17. Bb2 Qd7 18. f4 Rfd8 19. Qf3 g6 20. g4 Rac8 21. h4
Bf8 22. Qh3 Be7 23. Rc2 Qb7 24. f5 Nb4 25. Rg2 Rd3 26. Rg3 Rcd8 27. fxe6 fxe6
28. Nd6 Bxd6 29. exd6 R8xd6 30. Rgf3 Rd8 31. a3 Rxf3 32. Qxf3 Nd5 33. Qe4 Qe7
34. Qe5 Nf6 35. Rxf6 Qd6 36. Rxg6+ 1-0

[Event "Ct. Catalunya Veterans"]
[Site "Santa Susanna"]
[Date "2013.05.06"]
[Round "3"]
[White "Anguera Maestro, J."]
[Black "Bonell Mitjans, A."]
[Result "1-0"]
[WhiteElo "2185"]
[BlackElo "2096"]
[PlyCount "111"]
[EventDate "2013.??.??"]
[EventType "swiss"]
[EventRounds "9"]

1. d4 e6 2. c4 d5 3. Nc3 c6 4. e4 dxe4 5. Nxe4 Nd7 6. Nf3 Ngf6 7. Nc3 Be7 8.
Bd3 O-O 9. O-O b6 10. Qe2 Bb7 11. Re1 Re8 12. Bf4 Nf8 13. Rad1 Nh5 14. Be5 g6
15. h3 f5 16. Qd2 Bf6 17. Be2 Qe7 18. g4 Ng7 19. Qf4 Rad8 20. Bf1 Ba8 21. d5
Qf7 22. d6 Nd7 23. g5 Bxe5 24. Nxe5 Nxe5 25. Qxe5 c5 26. Bg2 Bxg2 27. Kxg2 Qb7+
28. f3 a6 29. Re3 Rd7 30. Red3 Qc6 31. b3 Qb7 32. Ne2 Nh5 33. R1d2 Qc6 34. Re3
Qb7 35. Nc3 Ng7 36. Rde2 Rdd8 37. Rd2 Rd7 38. Ne2 Nh5 39. Nf4 Nxf4+ 40. Qxf4
Rdd8 41. Qe5 Qf7 42. a3 Rd7 43. b4 Rc8 44. bxc5 Rxc5 45. Qxe6 f4 46. Qxf7+ Kxf7
47. Re4 Rxg5+ 48. Kf2 Rf5 49. Red4 Rf6 50. h4 h6 51. Rd5 Ke6 52. Rb2 b5 53.
Re2+ Kf7 54. c5 Re6 55. Red2 Ke8 56. c6 1-0

[Event "Ct. Catalunya Veterans"]
[Site "Santa Susanna"]
[Date "2013.05.06"]
[Round "3"]
[White "Buxade Roca, G."]
[Black "Sanz Bastos, F."]
[Result "1-0"]
[WhiteElo "2084"]
[BlackElo "1965"]
[PlyCount "64"]
[EventDate "2013.??.??"]
[EventType "swiss"]
[EventRounds "9"]

1. b3 g6 2. Bb2 Nf6 3. Bxf6 exf6 4. Nc3 Bg7 5. g3 d5 6. e3 O-O 7. Nge2 c6 8.
Bg2 f5 9. d4 Nd7 10. O-O Nf6 11. Rc1 b5 12. Nf4 Qa5 13. Nce2 Ne4 14. Nd3 Ba6
15. b4 Qc7 16. Ra1 Rfe8 17. Nec1 Nc3 18. Qd2 Na4 19. Nb3 Nb6 20. c3 Bc8 21. Nb2
g5 22. Rfe1 Re6 23. a4 bxa4 24. Nc5 Rg6 25. Ncxa4 Bd7 26. Nxb6 Qxb6 27. Ra5 Qc7
28. Nd3 f6 29. Rc5 Rb8 30. Ra5 Be6 31. Rea1 Ra8 32. Nc5 Bf7 1-0

[Event "Ct. Catalunya Veterans"]
[Site "Santa Susanna"]
[Date "2013.05.06"]
[Round "3"]
[White "Capelles Prat, R."]
[Black "Mas Recorda, P."]
[Result "0-1"]
[WhiteElo "1913"]
[BlackElo "2046"]
[PlyCount "82"]
[EventDate "2013.??.??"]
[EventType "swiss"]
[EventRounds "9"]

1. d4 e6 2. Nf3 Nf6 3. c4 c5 4. e3 b6 5. g3 Be7 6. Bg2 Bb7 7. O-O O-O 8. Nc3 d6
9. d5 exd5 10. cxd5 Nbd7 11. e4 a6 12. a4 Qc7 13. Nh4 Ne8 14. Nf5 Bf6 15. f4 g6
16. Nh6+ Kh8 17. Ng4 Bd4+ 18. Kh1 f5 19. Nf2 Ndf6 20. Qd3 Ng7 21. Ne2 Bxf2 22.
Rxf2 Nxe4 23. Bxe4 fxe4 24. Qxe4 Rae8 25. Qd3 Qf7 26. Kg1 Qxd5 27. Qxd5 Bxd5
28. Bd2 Bc4 29. Nc3 Re7 30. Re1 Rfe8 31. Rxe7 Rxe7 32. Rf3 d5 33. Nd1 d4 34.
Rf2 Nf5 35. b4 Be2 36. Nb2 c4 37. Rxe2 Rxe2 38. Nxc4 b5 39. axb5 axb5 40. Kf1
Rxh2 41. Kg1 Re2 0-1

[Event "Ct. Catalunya Veterans"]
[Site "Santa Susanna"]
[Date "2013.05.06"]
[Round "3"]
[White "Duran Vallverdu, J."]
[Black "Fernandez Perez, J."]
[Result "1/2-1/2"]
[WhiteElo "2008"]
[BlackElo "2072"]
[PlyCount "95"]
[EventDate "2013.??.??"]
[EventType "swiss"]
[EventRounds "9"]

1. e4 e6 2. d4 d5 3. exd5 exd5 4. Bd3 Bd6 5. Nf3 Nf6 6. O-O O-O 7. c3 c6 8. Bg5
Bg4 9. Nbd2 Nbd7 10. Re1 Qc7 11. h3 Bh5 12. Qc2 Bg6 13. Bxf6 Bxd3 14. Qxd3 Nxf6
15. Ne5 Nd7 16. Ndf3 f6 17. Nxd7 Qxd7 18. Re2 Rfe8 19. Rae1 Rxe2 20. Qxe2 Kf7
21. Qd3 g6 22. Qe3 Re8 23. Qxe8+ Qxe8 24. Rxe8 Kxe8 25. Kf1 Bf4 26. Ke2 Ke7 27.
Ne1 Bh6 28. Nd3 Kd6 29. b3 Bg7 30. Kf3 b6 31. b4 Bh6 32. Ke2 Ke6 33. f3 Bf8 34.
Ke3 Bd6 35. Nf4+ Kf7 36. Ne2 Bf8 37. Kd3 Bh6 38. Ng3 Ke6 39. Ke2 Bf4 40. Nf1 h5
41. g3 Bc1 42. Kd1 Bh6 43. Ke2 Kf5 44. Ne3+ Bxe3 45. Kxe3 b5 46. f4 g5 47. fxg5
fxg5 48. Kf3 1/2-1/2